Administración de las cooperativas /

Guardado en:
Autor Principal: Caletti, Alberto Mario.
Formato: Libro
Idioma:Spanish
Publicado: Buenos Aires : INTERCOOP, Editora Cooperativa Ltda., impresión de 1979.
Series:Serie iniciación ; 6.
Materias:
Etiquetas: Agregar Etiqueta
Sin Etiquetas, Sea el primero en etiquetar este registro!
LEADER 00741nam a22002055 4500
001 EAD.ead003809
008 080718s1979####ag############001#0#spa#d
005 20150427165500.0
245 1 0 |a Administración de las cooperativas /  |c Alberto Mario Caletti. 
260 |a Buenos Aires :  |b INTERCOOP, Editora Cooperativa Ltda.,  |c impresión de 1979. 
300 |a 35 p. ;  |c 20 cm. 
490 1 |a Serie iniciación ;  |v 6 
500 |a Incluye índice. 
100 1 |a Caletti, Alberto Mario. 
830 0 |a Serie iniciación ;  |v 6. 
082 0 4 |a 658.1147  |2 21 
653 |a Administración de cooperativas 
650 7 |a Cooperativas.  |2 unbist 
650 7 |a Administración financiera.  |2 unbist 
859 |a AR-BaBDC  |b BIB. ADMINISTRACION GABCOOP - Libros  |h 658.1147  |i C128  |p g00560